000 00901nam a22002897a 4500
001 BR6000612
003 BR-BrBNA
005 20230928083034.0
007 ta
008 230509b bl.||||| |||| 00| 0 por d
040 _aBR-BrBNA
_bpor
_cBiblioteca Nacional de Agricultura
041 _a(Por)
072 _aE10; E15
_b/G514
090 _ E10 BR6000612
110 1 _aInstituto Nacional de Colonizacao e Reforma Agraria, Brasilia, DF (Brasil)
245 1 _aIntegracao cooperativista e integracao fundiaria [Consumo; Eletrificacao rural; Brasil]
260 3 _aBrasilia, DF (Brasil):
_c[nd].
300 _a10 p.
500 _aPublished after 1973; Summary (Por)
650 _aESTRUTURA AGRARIA
650 _aCOOPERATIVA
650 _aCOOPERATIVA DE CONSUMO
650 _aCOOPERATIVA DE PRODUTORES
650 _aELETRIFICACAO RURAL
909 _a202309
_bLucia
_c55
_dLucia Elande
942 _cBK
999 _c11228
_d11228